| 000 | 00747nam a2200229Ia 4500 | ||
|---|---|---|---|
| 005 | 20230706141844.0 | ||
| 008 | 210716s2001 xx 000 0 und d | ||
| 020 | _a8178081458 | ||
| 040 | _cAIMIT LIBRARY | ||
| 041 | _aeng | ||
| 082 |
_a004.65 _21 _bKESS |
||
| 100 |
_aKeshav, S. _9125768 |
||
| 245 |
_aEngineering approach to computer networking: _bATM networks the internet and the telephone network / _cBy S Keshav. |
||
| 250 | _a1st ed. | ||
| 260 |
_aNew Delhi : _bAddison Wesley , _c2001. |
||
| 300 |
_axviii,660p. ; _bPB _c24 cm. |
||
| 650 |
_aAtoms bits and networks _9125769 |
||
| 650 |
_aProtocol layering _9125770 |
||
| 650 |
_aNaming and addressing _9125771 |
||
| 650 |
_aProtocol implementation _9125772 |
||
| 942 |
_2ddc _cBK _e1st |
||
| 999 |
_c184205 _d184205 |
||